000
00204 a2200097 4500
001
3128
100
_a
M Arif
245
_a
The resurgence of the Mslams
260
_a
_b
Wajid Alis
_c
090
_c
2410
_d
2410
942
_a
NUST-CAE
_c
M
_c
15670
999
_c
238201
_d
238201